El futuro de la descentralización : (Registro nro. 7370)
[ vista simple ]
| 000 -LEADER | |
|---|---|
| fixed length control field | 02008cam a2200349 a 4500 |
| 003 - CONTROL NUMBER IDENTIFIER | |
| control field | OSt |
| 005 - DATE AND TIME OF LATEST TRANSACTION | |
| control field | 20210228172443.0 |
| 008 - FIXED-LENGTH DATA ELEMENTS--GENERAL INFORMATION | |
| fixed length control field | 040719s2003 ck ad r 100 0 spa d |
| 040 ## - CATALOGING SOURCE | |
| Original cataloging agency | CO-JMCR |
| Transcribing agency | CO-JMCR |
| 041 0# - LANGUAGE CODE | |
| Language code of text/sound track or separate title | spa |
| 082 04 - DEWEY DECIMAL CLASSIFICATION NUMBER | |
| Classification number | 352.0072 / |
| Item number | E562e |
| Edition number | 19 |
| 111 2# - MAIN ENTRY--MEETING NAME | |
| Meeting name or jurisdiction name as entry element | Encuentro Colombia hacia la paz |
| Number of part/section/meeting | (4o. : |
| Date of meeting or treaty signing | 2002 feb. 7-9 : |
| Location of meeting | Ginebra, Suiza) |
| 9 (RLIN) | 14085 |
| 245 13 - TITLE STATEMENT | |
| Title | El futuro de la descentralización : |
| Remainder of title | experiencias de quince años y perspectivas : memorias |
| Statement of responsibility, etc. | Instituto Universitario de Estudios del Desarrollo y Fundación para la Participación Comunitaria ; con la colaboración del Departamento Federal de Asuntos Exteriores ; organizadores Jean-Pierre Gontard...[y otros 4] |
| 250 ## - EDITION STATEMENT | |
| Edition statement | Primera edición |
| 260 ## - PUBLICATION, DISTRIBUTION, ETC. | |
| Place of publication, distribution, etc. | Bogotá : |
| Name of publisher, distributor, etc. | Fundación para la Participación Ciudadana, |
| Date of publication, distribution, etc. | 2003. |
| 300 ## - PHYSICAL DESCRIPTION | |
| Extent | 334 páginas : |
| Other physical details | ilustraciones, gráficas y tablas ; |
| Dimensions | 23 cm. |
| 504 ## - BIBLIOGRAPHY, ETC. NOTE | |
| Bibliography, etc. note | Incluye referencias bibliográficas. |
| 505 ## - FORMATTED CONTENTS NOTE | |
| Formatted contents note | Balance de la descentralización en Colombia (1986-2001) -- Ley orgánica de ordenamiento territorial (1991-2002) -- Las instrucciones nacionales, departamentales y municipales frente a la descentralización -- Perspectivas regionales y municipales de la descentralización en Colombia |
| 650 24 - SUBJECT ADDED ENTRY--TOPICAL TERM | |
| Topical term or geographic name entry element | Descentralización administrativa |
| Geographic subdivision | Colombia |
| Chronological subdivision | 1986-2001 |
| Form subdivision | Congresos |
| 9 (RLIN) | 14086 |
| 650 24 - SUBJECT ADDED ENTRY--TOPICAL TERM | |
| Topical term or geographic name entry element | Ordenamiento territorial |
| Geographic subdivision | Colombia |
| Chronological subdivision | 1986-2001 |
| Form subdivision | Congresos |
| 9 (RLIN) | 14087 |
| 650 24 - SUBJECT ADDED ENTRY--TOPICAL TERM | |
| Topical term or geographic name entry element | Descentralización municipal |
| Geographic subdivision | Colombia |
| Chronological subdivision | 1986-2001 |
| Form subdivision | Congresos |
| 9 (RLIN) | 14088 |
| 650 24 - SUBJECT ADDED ENTRY--TOPICAL TERM | |
| Topical term or geographic name entry element | Conflicto armado |
| Geographic subdivision | Colombia |
| Form subdivision | Congresos |
| 9 (RLIN) | 11028 |
| 700 1# - ADDED ENTRY--PERSONAL NAME | |
| Personal name | Gontard, Jean-Pierre |
| 9 (RLIN) | 14089 |
| 700 1# - ADDED ENTRY--PERSONAL NAME | |
| Personal name | Restrepo Botero, Darió I. |
| 9 (RLIN) | 14090 |
| 700 1# - ADDED ENTRY--PERSONAL NAME | |
| Personal name | Soler Gómez, María Liliana |
| 9 (RLIN) | 14091 |
| 700 1# - ADDED ENTRY--PERSONAL NAME | |
| Personal name | Díaz Ramírez, Liliana |
| 9 (RLIN) | 14092 |
| 700 1# - ADDED ENTRY--PERSONAL NAME | |
| Personal name | Toro Pérez, Catalina |
| 9 (RLIN) | 14093 |
| 710 2# - ADDED ENTRY--CORPORATE NAME | |
| Corporate name or jurisdiction name as entry element | Instituto Universitario de Estudios del Desarrollo |
| 9 (RLIN) | 14094 |
| 710 2# - ADDED ENTRY--CORPORATE NAME | |
| Corporate name or jurisdiction name as entry element | Fundación para la Participación Comunitaria |
| 9 (RLIN) | 14095 |
| 710 2# - ADDED ENTRY--CORPORATE NAME | |
| Corporate name or jurisdiction name as entry element | Suiza |
| Subordinate unit | Departamento Federal de Asuntos Exteriores |
| 9 (RLIN) | 14096 |
| 942 ## - ADDED ENTRY ELEMENTS (KOHA) | |
| Source of classification or shelving scheme | Dewey Decimal Classification |
| Koha item type | Books |
| Withdrawn status | Lost status | Source of classification or shelving scheme | Damaged status | Not for loan | Home library | Current library | Date acquired | Source of acquisition | Total Checkouts | Full call number | Barcode | Date last seen | Copy number | Price effective from | Koha item type |
|---|---|---|---|---|---|---|---|---|---|---|---|---|---|---|---|
| Dewey Decimal Classification | Biblioteca Pública José María del Castillo y Rada | Biblioteca Pública José María del Castillo y Rada | 02/28/2021 | Donación | 352.0072 / E562e | 201810458 | 05/16/2024 | Ej.1 | 02/28/2021 | Books |